[Event "Mechanics' Winter TNM; G/2 d5"]
[Site "San Francisco"]
[Date "2019.01.29"]
[Round "4.43"]
[White "Hilliard, Michael"]
[Black "Soffer, Josiah"]
[Result "1-0"]
[WhiteElo "1404"]
[BlackElo "799"]
[PlyCount "83"]
[EventDate "2019.01.08"]
[EventType "swiss"]
[EventRounds "8"]
[EventCountry "USA"]

1. d4 d5 2. Nf3 Nf6 3. e3 Nc6 4. c3 Ne4 5. Bd3 Bg4 6. Nbd2 Nxd2 7. Bxd2 e6 8.
O-O Bd6 9. Re1 O-O 10. e4 Bxf3 11. Qxf3 Qh4 12. e5 Be7 13. Qf4 Qxf4 14. Bxf4 g5
15. Bd2 g4 16. Re3 Bg5 17. Re2 Bh4 18. Bf4 Ne7 19. g3 Ng6 20. Bh6 Rfe8 21. gxh4
Nxh4 22. Re3 Nf3+ 23. Kg2 Nh4+ 24. Kg3 Nf5+ 25. Bxf5 exf5 26. f3 Re6 27. Bg5
Rg6 28. Bf6 Rh6 29. Rg1 Rh4 30. Kxh4 Kf8 31. fxg4 fxg4 32. Rxg4 Ke8 33. Rg8+
Kd7 34. Rxa8 c6 35. Rxa7 c5 36. Rg3 cxd4 37. cxd4 Kc7 38. Rg7 Kb8 39. Ra5 b6
40. Rxd5 Ka7 41. Rxf7+ Kb8 42. Rd8# 1-0

[Event "Mechanics' Winter TNM; G/2 d5"]
[Site "San Francisco"]
[Date "2019.01.29"]
[Round "4.45"]
[White "Bryan, Robert R"]
[Black "Tabatabai, Ashkon"]
[Result "0-1"]
[WhiteElo "429"]
[BlackElo "1138"]
[Annotator "Winslow,Elliott"]
[PlyCount "40"]
[EventDate "2019.01.08"]
[EventType "swiss"]
[EventRounds "8"]
[EventCountry "USA"]

1. e4 e5 2. Nf3 Nc6 3. Bb5 Bc5 4. O-O Nge7 5. Re1 O-O 6. c3 d5 7. exd5 Qxd5 8.
Ng5 $2 (8. Qe2) (8. Qb3) 8... Bb6 (8... Bxf2+ 9. Kxf2 Qxb5) 9. d4 $4 exd4 $2 ({
Just take it now!} 9... Qxb5) 10. cxd4 $2 (10. Bxc6 Nxc6) 10... Qxb5 11. Nc3
Qf5 12. h3 Bxd4 13. Re2 Qg6 14. Be3 Bxe3 15. Rxe3 Qxg5 16. Ne4 Qg6 17. Rc1 Nf5
18. Rf3 Ne5 19. Rfc3 Nh4 20. Qd4 Qxg2# 0-1